| 000 | 00740pam a2200241 a 4500 | ||
|---|---|---|---|
| 008 | |||
| 020 | _a0060469447 (hbk.) | ||
| 049 | _aMAIN | ||
| 090 | _aTH1000 | ||
| 100 | 1 | _aWarszawski, Abraham. | |
| 245 | 1 | 0 |
_aIndustrialization and robotics in building : _ba managerial approach / _cAbraham Warszawski. |
| 260 |
_aNew York : _bHarper & Row, _cc1990. |
||
| 300 |
_axiii, 466 p. : _bill. ; _c24 cm. |
||
| 504 | _aIncludes bibliographical references. | ||
| 650 | 0 | _aIndustrialized building. | |
| 650 | 0 |
_aBuilding _xData processing. |
|
| 650 | 0 | _aRobotics. | |
| 907 |
_a.b10001943 _b05-09-05 _c17-04-03 |
||
| 003 | |||
| 005 | 20230123134057.0 | ||
| 040 | _cNUST | ||
| 942 |
_cBOOKS _kTH1000 |
||
| 999 |
_c159647 _d159647 |
||